HANDBOOK OF HUMAN PHYSIOLOGY (Record no. 2486)
[ view plain ]
| 000 -LEADER | |
|---|---|
| fixed length control field | 00301nam a2200133Ia 4500 |
| 082 ## - DEWEY DECIMAL CLASSIFICATION NUMBER | |
| Classification number | 612 |
| Item number | H1993R |
| 100 ## - MAIN ENTRY--PERSONAL NAME | |
| Personal name | VIDYARATAN |
| 245 ## - TITLE STATEMENT | |
| Title | HANDBOOK OF HUMAN PHYSIOLOGY |
| 250 ## - EDITION STATEMENT | |
| Edition statement | 7 TH |
| 260 ## - PUBLICATION, DISTRIBUTION, ETC. (IMPRINT) | |
| Name of publisher, distributor, etc | JAYPEE MEDICAL PUBLISHER |
| Place of publication, distribution, etc | DELHI |
| Year of Publication | 1993 |
| 300 ## - PAGE DESCRIPTION | |
| No. of Pages | 1-340 |
| 650 ## - SUBJECT ADDED ENTRY--TOPICAL TERM | |
| Topical term or geographic name as entry element | PHYSIOLOGY |
| 942 ## - ADDED ENTRY ELEMENTS (KOHA) | |
| Source of classification or shelving scheme | Dewey Decimal Classification |
| Koha item type | Books |
| Withdrawn status | Lost status | Source of classification or shelving scheme | Damaged status | Not for loan | Home library | Current library | Date acquired | Vendor Name | Cost, normal purchase price | Volume Information (Serial or Books or Non-Book Material) | SGTU | Bill Number | Total Checkouts | Full call number | Accession No. (Barcode) | Date last seen | Bill Date | Koha item type |
|---|---|---|---|---|---|---|---|---|---|---|---|---|---|---|---|---|---|---|
| Dewey Decimal Classification | SGT Dental Library | SGT Dental Library | 10/04/2002 | U.B.S.DELHI | 80.00 | 1 | SGTU | 45 | 612 H1993R | FD168 | 09/02/2015 | 21/01/2012 | Books | |||||
| Dewey Decimal Classification | SGT Dental Library | SGT Dental Library | 10/04/2002 | U.B.S.DELHI | 80.00 | 1 | SGTU | 45 | 612 H1993R | FD169 | 09/02/2015 | 21/01/2012 | Books | |||||
| Dewey Decimal Classification | SGT Dental Library | SGT Dental Library | 10/04/2002 | U.B.S.DELHI | 80.00 | 1 | SGTU | 45 | 612 H1993R | FD170 | 09/02/2015 | 21/01/2012 | Books | |||||
| Dewey Decimal Classification | SGT Dental Library | SGT Dental Library | 10/04/2002 | U.B.S.DELHI | 80.00 | 1 | SGTU | 45 | 612 H1993R | FD171 | 09/02/2015 | 21/01/2012 | Books | |||||
| Dewey Decimal Classification | SGT Dental Library | SGT Dental Library | 10/04/2002 | U.B.S.DELHI | 80.00 | 1 | SGTU | 45 | 612 H1993R | FD172 | 09/02/2015 | 21/01/2012 | Books |